Miss You- Conan Gray (Lyrics) - Statistics

General Stats
  • This quiz has been taken 9 times
  • The average score is 220 of 229
Answer Stats
Section Lyrics % Correct
a
100%
(A
100%
And
100%
back
100%
be
100%
because
100%
believe
100%
(Believe
100%
break
100%
Pre-Chorus But
100%
came
100%
dark
100%
decide?
100%
decide
100%
don't
100%
feel
100%
(Feel
100%
gone
100%
heart
100%
I
100%
(I
100%
I'll
100%
I'm
100%
in
100%
Is
100%
is
100%
it
100%
it)
100%
know
100%
left
100%
like
100%
lost
100%
love
100%
man
100%
me
100%
meant
100%
miss
100%
(Miss
100%
never
100%
now
100%
Verse 1 Now
100%
only
100%
promise
100%
promise)
100%
the
100%
The
100%
to
100%
wanting
100%
why
100%
why)
100%
wicked
100%
wrong
100%
you
100%
you?
100%
you)
100%
your
100%
all
86%
band
86%
dancin'
86%
put
86%
rubber
86%
that
86%
through
86%
After
71%
Intro Ah
71%
(Ah)
71%
bit
71%
Pre-Chorus 'Cause
71%
Verse 2 Didn't
71%
fear
71%
feedin'
71%
for
71%
From
71%
hand
71%
It's
71%
land
71%
my
71%
of
71%
promised
71%
search
71%
tendency
71%
think
71%
understand
71%
was
71%
would
71%
snappin'
57%
No matching quizzes found
Score Distribution
Percent of People with Each Score
Percentile by Number Answered
Your Score History
You have not taken this quiz